| 000 | 00988cam a2200253 a 4500 | ||
|---|---|---|---|
| 001 | 000007435 | ||
| 005 | 20200929154153.0 | ||
| 008 | 790717s1981 pr b s000 0 spa | ||
| 020 | _a0847700593 | ||
| 040 |
_aDO-SdBNP _cDLC _dDLC |
||
| 082 |
_aPR861.44 _bG643o |
||
| 100 | 1 |
_aGonzález Torres, Rafael A. _914639 |
|
| 245 | 1 | 3 |
_aLa obra poética de Félix Franco Oppenheimer : _bestudio temático-analítico-estilístico / _cRafael A. González Torres. |
| 260 |
_aRio Piedras, (Puerto Rico : _bUniversitaria, Universidad de Puerto Rico, _c1981. |
||
| 300 |
_a246 p. ; _c18 cm. |
||
| 490 | 1 |
_aEstudios literarios _v59 _aUprex |
|
| 504 | _aBibliografía: p. 181-192. | ||
| 600 | 1 | 0 |
_aFRANCO OPPENHEIMER, FÉLIX, _d1912- _xCRÍTICA E INTERPRETACIÓN _920642 |
| 650 | 4 |
_aPoetas argentinos _vBIOGRAFÍAS _920643 |
|
| 650 | 4 |
_aPoetas españoles _xCrítica e interpretación _914275 |
|
| 830 | 0 |
_aEstudios literarios ; _v59 _pUprex _98978 |
|
| 910 | _aCatalogación por copia / LC | ||
| 049 | _aBNGR | ||
| 999 |
_c7216 _d7216 |
||